=LDR 00000nam 2200000 4500 =001 000684 =005 20250711023426 =035 ##$$a 0010-0725000552 =007 ta =008 250711################a##########0#ind## =020 ##$$a 979-623-307-162-8 =082 ##$$a 398.245 598 =084 ##$$a 398.245 598 EUG u =100 #$$a Eugenia gina =245 1#$$a Uli : $b Ingin sendiri /$c Eugenia gina =250 ##$$a Cetakan pertama =260 ##$$a Rawamangun :$b Badan pengembangan dan pembinaan bahasa,$c 2021 =300 ##$$a 24 hlm. : $b Ilus. ; $c 29,7cm =650 #4$$a Cerita anak-fabel =990 ##$$a TBM04580458